STN EN 15643-4: 2012 (73 0901) [neplatná], Trvalá udržateľnosť výtavby. Posudzovanie budov Časť 4 Rámec na posudzovanaie ekonomických vlastností
Táto norma je slovenskou verziou európskej normy EN 15643-4: 2012. Preklad zabezpečil Slovenský ústav technickej normalizácie. Má rovnaké postavenie ako majú oficiálne verzie
| Corporate Author: | |
|---|---|
| Other Authors: | |
| Format: | Book |
| Language: | Slovak English |
| PhysicalDescription: | 36 strán obrázky, tabuľky 30 cm |
| Published: |
Bratislava
Slovenský ústav technickej normalizácie
2012
|
| Subjects: |
MARC
| LEADER | 00000cam a2200000 a 4500 | ||
|---|---|---|---|
| 001 | vtls010457202 | ||
| 003 | SK-MaSNL | ||
| 005 | 20260301033345.0 | ||
| 008 | 130117s2012 xo a frnu 000 0 slo | ||
| 015 | |a SNBN2013 | ||
| 020 | |c (cen. skup. 5) | ||
| 040 | |a SNK |b slo |c SNK |e AACR2 | ||
| 041 | 1 | |a slo |h eng | |
| 044 | |a xo |c SK | ||
| 046 | |a m |m 20121001 (účin.) |n 20211001 (zruš.) | ||
| 072 | 7 | |a 72 |x Architektúra |2 konspekt | |
| 080 | |a 721 |2 2001 | ||
| 080 | |a 006.7/.8 |2 2001 | ||
| 080 | |a (437.6) |2 2001 | ||
| 080 | |a (4) |2 2001 | ||
| 080 | |a 69.01/.03 |2 2001 | ||
| 084 | |a 91.040.01 |2 ICS | ||
| 130 | 0 | |a STN 73 0901 (STN EN 15643-4) [neplatná] |9 332318 | |
| 245 | 1 | 0 | |a STN EN 15643-4: 2012 (73 0901) [neplatná], Trvalá udržateľnosť výtavby. Posudzovanie budov |n Časť 4 |p Rámec na posudzovanaie ekonomických vlastností |
| 246 | 1 | 0 | |a Trvalá udržateľnosť výstavby |
| 246 | 1 | 0 | |a Posudzovanie budov. Časť 4 |
| 246 | 1 | 0 | |a Rámec na posudzovanaie ekonomických vlastností |
| 246 | 3 | 0 | |a EN 15643-4: 2012 E |
| 260 | |a Bratislava |b Slovenský ústav technickej normalizácie |c 2012 | ||
| 300 | |a 36 strán |b obrázky, tabuľky |c 30 cm | ||
| 500 | |a Súbežný názov v angličtine, francúzštine, nemčine | ||
| 500 | |a Spracovateľ: Technická univerzita Košice, Stavebná fakulta, Silvia Vilčeková | ||
| 500 | |a Norma je nahradená spolu s normami STN EN 15643-1 z marca 2011, STN EN 15643-2 zo septembra 2011, STN EN 15643-3 z októbra 2012 a STN EN 15643-5 z júla 2019 anglickou verziou normy STN EN 15643 z októbra 2021, ktorú nahradila slovenská verzia normy STN EN 15643 z januára 2023 v celom rozsahu | ||
| 504 | |a Citované normy, súvisiace právne predpisy na strane 2 ; literatúra na strane 31 | ||
| 520 | 8 | |a Táto norma je slovenskou verziou európskej normy EN 15643-4: 2012. Preklad zabezpečil Slovenský ústav technickej normalizácie. Má rovnaké postavenie ako majú oficiálne verzie | |
| 540 | |a STN vydané na akomkoľvek nosiči sa môžu rozmnožovať a rozširovať iba so súhlasom určenej právnickej osoby |b SÚTN Bratislava |c zákon 264/1999 Z. z. | ||
| 650 | 0 | 7 | |a budovy |2 SNKPH |9 1283 |
| 650 | 0 | 7 | |a technické normy a štandardy |z Slovensko |2 SNKPH |9 79594 |
| 650 | 0 | 7 | |a technické normy a štandardy |z krajiny Európskej únie |2 SNKPH |9 289341 |
| 650 | 0 | 7 | |a stavby |2 SNKPH |9 2983 |
| 650 | 0 | 7 | |a Buildings |2 SNKPHeng |9 286401 |
| 655 | 7 | |a normy |2 SNKPH |9 70643 | |
| 700 | 1 | |a Vilčeková, Silvia, |d 1973- |4 trl |9 210927 | |
| 710 | 2 | |a Technická univerzita v Košiciach. |b Stavebná fakulta |4 aut |9 173532 | |
| 710 | 2 | |a Slovenský ústav technickej normalizácie (Bratislava, Slovensko). |b Technická komisia č. 112 Trvalá udržateľnosť výstavby |4 stn |9 332319 | |
| 852 | |a Štátna vedecká knižnica v Banskej Bystrici | ||
| 958 | |a NB | ||
| 958 | |a OP | ||
| 999 | |c 579949 |d 581879 | ||
| 952 | |a SNK |b SNK |y PREZ |7 0 |p 17A1055586 |o snkSTN EN 15643-4 |i snk2012/21919 |8 0 |0 0 |1 0 |4 0 |d 2012-10-29 |l 0 |r 2026-02-23 14:47:23 |w 2026-02-23 | ||
| 952 | |a SNK |b SNK |y PREZ |7 0 |p 17A1055585 |o snkSTN EN 15643-4 D1 |i snk2012/21920 |8 0 |0 0 |1 0 |4 0 |d 2012-10-29 |l 0 |r 2026-02-23 14:47:23 |w 2026-02-23 | ||


